书目信息 |
| 题名: |
药物
|
|
| 作者: | 周学良 主编 ;项斌 , 高建荣 主编 | |
| 分册: | ||
| 出版信息: | 北京 化学工业出版社 2003.01 |
|
| 页数: | 781页 | |
| 开本: | 21cm | |
| 丛书名: | ||
| 单 册: | ||
| 中图分类: | TQ46-62 | |
| 科图分类: | ||
| 主题词: | 药物--手册 | |
| 电子资源: | ||
| ISBN: | 7-5025-4115-2 | |
| 000 | 00741nam0 2200253 45 | |
| 001 | 012003000000 | |
| 005 | 20050112153546.92 | |
| 010 | @a7-5025-4115-2@dCNY 58.00 | |
| 100 | @a20031024d2003 em y0chiy0121 ea | |
| 101 | 0 | @achi |
| 102 | @aCN@b110000 | |
| 105 | @aa z 001yy | |
| 200 | 1 | @a药物@Ayao wu@f周学良主编@g项斌, 高建荣编 |
| 210 | @a北京@c化学工业出版社@d2003.01 | |
| 215 | @a781页@c图@d21cm | |
| 300 | @a精细化工产品手册 | |
| 320 | @a本书第742-744页含主要参考文献, 第745-781页含索引。 | |
| 606 | 0 | @a药物@j手册 |
| 690 | @aTQ46-62@v4 | |
| 701 | 0 | @a周学良@Azhou xue liang@4主编 |
| 702 | 0 | @a项斌@Axiang bin@4主编 |
| 702 | 0 | @a高建荣@Agao jian rong@4主编 |
| 801 | 0 | @aCN@bQSSK3@c20050112 |
| 905 | @a10447@dTQ46-62@eZ800 | |
| 药物/周学良主编/项斌, 高建荣编.-北京:化学工业出版社,2003.01 |
| 781页:图;21cm |
| 精细化工产品手册 |
| ISBN 7-5025-4115-2:CNY 58.00 |
| ● |
| 相关链接 |
|
|
|
正题名:药物
索取号:TQ46-62/Z800
 
预约/预借
| 序号 | 登录号 | 条形码 | 馆藏地/架位号 | 状态 | 备注 |
| 1 | 436358 | 204363580 | 自科库501/501自科库 69排1列3层/ [索取号:TQ46-62/Z800] | 在馆 | |
| 2 | 436359 | 204363599 | 期刊室512/501自科库 69排1列3层/ [索取号:TQ46-62/Z800] | 在馆 |